[Event "Baja"]
[Site "Baja"]
[Date "1971.??.??"]
[Round "?"]
[White "Csom, Istvan"]
[Black "Ciocaltea, Victor"]
[Result "1/2-1/2"]
[WhiteElo "2490"]
[BlackElo "2460"]

1.d4 Nf6 2.c4 g6 3.Nf3 Bg7 4.g3 O-O 5.Bg2 d6 6.O-O Nc6 7.Nc3 Bg4 8.d5 Na5
9.Nd2 c5 10.Qc2 e5 11.b3 Qd7 12.Bb2 b6 13.e3 Rae8  1/2-1/2

[Event "HUN-ch"]
[Site "Budapest"]
[Date "1971.??.??"]
[Round "1"]
[White "Flesch, Janos"]
[Black "Sax, Gyula"]
[Result "1-0"]
[WhiteElo "2430"]
[BlackElo "2400"]

1.d4 g6 2.Nf3 Bg7 3.g3 Nf6 4.c4 O-O 5.Bg2 d6 6.Nc3 Nc6 7.O-O Bf5 8.d5 Na5
9.Nd2 c5 10.e4 Bd7 11.Qc2 a6 12.b3 Qc8 13.Bb2 Bh3 14.Rae1 Nh5 15.Nd1 Bxb2
16.Qxb2 Bxg2 17.Kxg2 e5 18.dxe6 fxe6 19.e5 Qc6+ 20.Kg1 d5 21.Ne3 dxc4 22.Ndxc4 Nxc4
23.Nxc4 b5 24.Nd6 Rf3 25.Qe2 Raf8 26.Qe4 Qxe4 27.Nxe4 c4 28.bxc4 bxc4 29.Rc1 Ra3
30.Rxc4 Rxa2 31.Rd1 Ra5 32.g4 Ng7 33.Nf6+ Kh8 34.f4 g5 35.fxg5 Rxe5 36.h4 h6
37.Kg2 Rb8 38.Rc7 Re2+ 39.Kf3 Reb2 40.gxh6  1-0

[Event "HUN-ch"]
[Site "Budapest"]
[Date "1971.??.??"]
[Round "14"]
[White "Kluger, Gyula"]
[Black "Sax, Gyula"]
[Result "0-1"]
[WhiteElo "2400"]
[BlackElo "2400"]

1.d4 Nf6 2.c4 g6 3.Nf3 Bg7 4.g3 O-O 5.Bg2 d6 6.Nc3 Nbd7 7.O-O e5 8.e4 exd4
9.Nxd4 Re8 10.Re1 Ng4 11.f3 Nge5 12.b3 Nc5 13.Re3 c6 14.Kh1 Qf6 15.Nce2 g5
16.Bb2 h5 17.Qc2 h4 18.Re1 h3 19.Bf1 g4 20.f4 Qh6 21.b4 Na6 22.a3 Bd7 23.Rb3 Ng6
24.Rd1 Qh7 25.Nf5 Bxb2 26.Rxb2 Bxf5 27.exf5 Ne7 28.Nd4 Qg7 29.Qd3 c5 30.f6 Qxf6
31.Qe2 cxd4 32.Qxg4+ Qg7 33.Qxh3 Ng6 34.Rbd2 Re3 35.Qf5 Rxa3 36.Rxd4 Nxb4
37.Rxd6 Nc6 38.Qe4 Nf8 39.R6d5 Nh7 40.Rd7 Nf6 41.Qb1 Nxd7 42.Qxb7 Nb6 43.Qxc6 Ra1
44.Qf3 Rxd1 45.Qxd1 Rc8 46.Bh3 Re8 47.Bf1 Qg6 48.Kg1 Qe6 49.Qh5 Nxc4 50.f5 Qe3+
51.Kh1 Ne5 52.Kg2 Rd8 53.Kh3 Rd6  0-1

[Event "HUN-ch"]
[Site "Budapest"]
[Date "1971.??.??"]
[Round "17"]
[White "Flesch, Janos"]
[Black "Vadasz, Laszlo"]
[Result "1-0"]
[WhiteElo "2430"]
[BlackElo "2355"]

1.d4 g6 2.c4 Bg7 3.Nf3 d6 4.g3 Nf6 5.Bg2 O-O 6.Nc3 Nc6 7.O-O a6 8.d5 Na5
9.Nd2 c5 10.Qc2 Rb8 11.b3 b5 12.Bb2 e5 13.Nd1 Bh6 14.Bc3 Bf5 15.e4 Bd7 16.Qd3 Nh5
17.Qe2 b4 18.Bb2 Nb7 19.Ne3 a5 20.a4 Qe8 21.Rae1 Nd8 22.Kh1 Rb7 23.Qd1 Bc8
24.f4 f6 25.Bf3 exf4 26.Nf5 Nxg3+ 27.hxg3 gxf5 28.exf5 Qd7 29.g4 Bg5 30.Ne4 h6
31.Re2 Kg7 32.Qa1 Qc7 33.Rfe1 Bh4 34.Rh2 Bxe1 35.Bxf6+ Kh7 36.Qxe1 Nf7 37.Ng5+ Nxg5
38.Rxh6+ Kg8 39.Rg6+ Kf7 40.Rg7+  1-0

[Event "Mar del Plata"]
[Site "Mar del Plata"]
[Date "1971.??.??"]
[Round "12"]
[White "Schweber, Samuel"]
[Black "Pilnik, Herman"]
[Result "1/2-1/2"]
[WhiteElo "2435"]
[BlackElo "2420"]

1.c4 Nf6 2.Nf3 g6 3.g3 Bg7 4.d4 O-O 5.Bg2 d6 6.O-O Nc6 7.d5 Na5 8.Nfd2 c5
9.Nc3 a6 10.Qc2 Rb8 11.b3 b5 12.Bb2 bxc4 13.bxc4 e5 14.Rab1 Qc7 15.h3 Nh5
16.Ba1 Bd7 17.Rxb8  1/2-1/2

[Event "Islington op"]
[Site "Islington"]
[Date "1972.12.16"]
[Round "3"]
[White "Gilhespy, MJ."]
[Black "Richardson, Keith B"]
[Result "0-1"]
[WhiteElo "1920"]
[BlackElo "2328"]

1.d4 Nf6 2.c4 g6 3.g3 Bg7 4.Bg2 O-O 5.Nf3 d6 6.Nc3 c5 7.d5 Na6 8.O-O Nc7
9.e4 a6 10.a4 Rb8 11.a5 b5 12.axb6 Rxb6 13.Re1 e5 14.Nd2 Bh6 15.Na4 Rb4 16.b3 Bd7
17.Nb2 Nh5 18.Nd3 Rb8 19.Bf3 Ng7 20.Ra2 f5 21.Ba3 a5 22.Nf1 fxe4 23.Bxe4 Nf5
24.Bxf5 Bxf5 25.Bc1 Bxc1 26.Nxc1 Na6 27.Ne3 Nb4 28.Ra1 Be4 29.Ng2 Nc2 30.Rxe4 Nxa1
31.Re2 Qb6 32.Re3 a4 33.bxa4 Qb1 34.Ne1 Nb3 35.Rxb3 Rxb3 36.Qxb3 Qxc1 37.Kf1 Qd2
38.Qc2 Rxf2+  0-1

[Event "Islington op"]
[Site "Islington"]
[Date "1972.12.16"]
[Round "4"]
[White "Williams, Arthur H"]
[Black "Bennett, George H"]
[Result "1/2-1/2"]
[WhiteElo "2424"]
[BlackElo "2232"]

1.d4 Nf6 2.c4 g6 3.Nf3 Bg7 4.g3 O-O 5.Bg2 d6 6.O-O Nc6 7.Nc3 a6 8.d5 Na5
9.Nd2 c5 10.Qc2 Rb8 11.b3 b5 12.Bb2 bxc4 13.bxc4 Bh6 14.Ncb1 Bd7 15.Bc3 Qc7
16.Na3 Rb4 17.Bxb4 cxb4 18.Nab1 Rb8 19.e3 Bg7 20.Nb3 Nxd5 21.Nd4 Nb6 22.Nd2 Ba4
23.Qd3 Nb7 24.Rac1 Nc5 25.Qb1 Nbd7 26.N2b3 Ne5 27.Rfd1 Bd7 28.Nxc5 dxc5 29.Nb3 Be6
30.Qe4 a5 31.f4 Ng4 32.h3 Nf6 33.Qc6 Qxc6 34.Bxc6 Bxh3 35.Nxa5 Bg4 36.Rd2 e6
37.e4 Nh5 38.Kg2 Bd4 39.Rf1 Rb6 40.Bb5 Nf6 41.Re1 Bc3 42.Rd8+ Kg7 43.Re3 Bd4
44.Re1 Bc3  1/2-1/2

[Event "Buenos Aires CA"]
[Site "Buenos Aires"]
[Date "1972.??.??"]
[Round "10"]
[White "Szmetan, Jorge"]
[Black "Carbone"]
[Result "1-0"]
[WhiteElo "2365"]
[BlackElo "2220"]

1.d4 Nf6 2.c4 g6 3.Nf3 Bg7 4.g3 O-O 5.Bg2 d6 6.O-O Nbd7 7.Nc3 e5 8.e4 c6
9.h3 Re8 10.Be3 exd4 11.Nxd4 Nc5 12.Qc2 a5 13.Rad1 Qe7 14.Rfe1 Bd7 15.Bf4 Rad8
16.Nb3 Be6 17.Nxa5 Nh5 18.Be3 Ra8 19.b4 Na6 20.a3 c5 21.b5 Nb8 22.Nd5 Bxd5
23.exd5 Qc7 24.Bd2 Rxe1+ 25.Rxe1 Nd7 26.Nb3 Rxa3 27.g4 Nhf6 28.g5 Nh5 29.Re8+ Nf8
30.Bc1 Ra7 31.Qe4 b6 32.Bf3 f5 33.Qe6+ Qf7 34.Rb8 Ra4 35.Qxd6 Rxc4 36.Qc6 Qe7
37.Qe6+ Qf7 38.Qxf7+ Kxf7 39.d6 Ke6 40.Rxb6 Rc3 41.Bd1 c4 42.Nc5+ Kd5 43.Be3 Rxe3
44.fxe3 Kxc5 45.Rb7 Ne6 46.d7 Be5 47.b6 c3 48.Ba4 Kb4 49.Ra7 Kc5 50.Rc7+ Kxb6
51.Rc6+  1-0

[Event "WchT U26"]
[Site "Graz"]
[Date "1972.??.??"]
[Round "9"]
[White "Kusky, A."]
[Black "Vadasz, Laszlo"]
[Result "1-0"]
[WhiteElo "2200"]
[BlackElo "2380"]

1.d4 g6 2.c4 Bg7 3.Nf3 Nf6 4.g3 O-O 5.Bg2 d6 6.O-O Nc6 7.Nc3 a6 8.h3 Rb8
9.Nd5 Nd7 10.Be3 Na5 11.b3 c6 12.Nc3 b5 13.cxb5 axb5 14.Rc1 Nb6 15.Qd2 b4
16.Nd1 Nd7 17.Bh6 Ba6 18.Bxg7 Kxg7 19.Ne3 Nf6 20.Ng4 Ng8 21.Rfe1 h6 22.e4 Bc8
23.e5 Be6 24.Qf4 Qd7 25.Nfh2 Rfd8 26.h4 Rbc8 27.Ne3 Nb7 28.Rc2 d5 29.Rec1 Rc7
30.Nf3 Ra8 31.Ne1 Ra5 32.Nd3 Rb5 33.Qf3 Rc8 34.Qe2 Qc7 35.Qd2 Qb6 36.Bf1 Qxd4
37.Rxc6 Rxc6 38.Rxc6 Na5 39.Rc2 Rb6 40.Qc1 Bd7 41.Rc5 Rb5 42.Nxd5 Rxc5 43.Qxc5 Nc6  1-0

[Event "URS-chT Moscow"]
[Site "Moscow"]
[Date "1972.??.??"]
[Round "?"]
[White "Anikaev, Yuri N"]
[Black "Etruk, Rein T"]
[Result "0-1"]
[WhiteElo "2475"]
[BlackElo "2410"]

1.d4 d6 2.Nf3 g6 3.g3 Bg7 4.Bg2 Nf6 5.c4 O-O 6.Nc3 Nbd7 7.O-O e5 8.b3 Re8
9.e3 c6 10.Ba3 Qa5 11.Qc1 Qc7 12.Rd1 Bf8 13.Nd2 exd4 14.exd4 Qd8 15.Qb2 Nb6
16.Re1 Bg7 17.h3 Be6 18.Nde4 Nxe4 19.Nxe4 d5 20.cxd5 Bxd5 21.Nd6 Rxe1+ 22.Rxe1 Qd7
23.Bf1 Rd8 24.Bc5 Be6 25.h4 Nc8 26.Nxc8 Rxc8 27.Bxa7 c5 28.Rd1 Bxd4 29.Qd2 b6
30.Bxb6 Qd6 31.Ba5 Qxg3+ 32.Bg2 Bh3 33.Qg5 Bxf2+ 34.Kh1 Bxg2+  0-1

[Event "Rubinstein mem"]
[Site "Polanica Zdroj"]
[Date "1972.??.??"]
[Round "9"]
[White "Liebert, Heinz"]
[Black "Sznapik, Aleksander"]
[Result "1-0"]
[WhiteElo "2400"]
[BlackElo "2365"]

1.Nf3 g6 2.d4 Bg7 3.c4 Nf6 4.g3 O-O 5.Bg2 d6 6.Nc3 Nc6 7.O-O e5 8.d5 Ne7
9.c5 Nd7 10.cxd6 cxd6 11.e4 a5 12.Be3 b6 13.a3 h6 14.b4 f5 15.exf5 gxf5 16.Qd2 Kh7
17.Nh4 Ba6 18.Rfe1 Rc8 19.Rac1 axb4 20.axb4 Rc4 21.Bf1 Rxh4 22.gxh4 Bxf1
23.Rxf1 Ng6 24.h5 Nh4 25.f4 Nf6 26.Kh1 Nxh5 27.Nb5 Rf7 28.Rc6 exf4 29.Bxb6 Qe7
30.Re1 Be5 31.Nxd6 Rg7 32.Nc4 Nf3 33.Qd3 Nh4 34.Nxe5 Qg5 35.Qd2 Ng2 36.Nf3 Qg4
37.Rg1 Qxf3 38.Rxg2 Qf1+ 39.Bg1 Qf3 40.Rc2 Qe4  1-0

[Event "Sarajevo"]
[Site "Sarajevo"]
[Date "1972.??.??"]
[Round "2"]
[White "Vukic, Milan"]
[Black "Ivanovic, Bozidar"]
[Result "1/2-1/2"]
[WhiteElo "2410"]
[BlackElo "2380"]

1.d4 Nf6 2.c4 g6 3.Nf3 Bg7 4.g3 O-O 5.Bg2 d6 6.O-O Nbd7 7.Nc3 e5 8.e4 Re8
9.h3 c6 10.Be3 Qa5 11.Qc2 exd4 12.Nxd4 Nb6 13.Nb3 Qh5 14.Ne2 Bh6 15.g4 Qh4
16.Bd4 c5 17.Bxf6 Qxf6 18.f4 Bg7 19.Nc3 Be6 20.g5 Qe7 21.Nd5 Nxd5 22.cxd5 Bd7
23.Rad1 Rac8 24.Na5 h6 25.gxh6 Bxh6 26.Nxb7 Bb5 27.Na5 Bxf1 28.Rxf1 Qf6 29.Qf2 Bg7
30.Nc4 Rcd8 31.Kh1 Qd4 32.Qc2 Rd7 33.f5 Qf6 34.fxg6 Qxg6 35.Bf3 Bd4 36.Bg4 Rde7
37.Bf5 Qg3 38.Qg2 Qxg2+ 39.Kxg2 Be5 40.Rf2 Rb8 41.b3 Rb5 42.Rf3 Kg7 43.Kf1 Rb8
44.Na5 Rb6 45.Nc4 Rb4 46.Ke2 Re8 47.a3 Rbb8 48.Kd2 f6  1/2-1/2

[Event "Skopje ol (Men) fin-B"]
[Site "Skopje"]
[Date "1972.??.??"]
[Round "3"]
[White "Kaldor, Avraham"]
[Black "Holaszek, Hans"]
[Result "1-0"]
[WhiteElo "2200"]
[BlackElo "2400"]

1.d4 Nf6 2.c4 g6 3.Nf3 Bg7 4.g3 O-O 5.Bg2 d6 6.Nc3 Nc6 7.O-O a6 8.a3 Rb8
9.b4 Bg4 10.Bb2 Nd7 11.d5 Bxf3 12.exf3 Nce5 13.Qe2 Nb6 14.c5 dxc5 15.bxc5 Nbc4
16.f4 Nd3 17.Qxd3 Nxb2 18.Qc2 Nc4 19.Ra2 b6 20.Ne4 Na5 21.c6 h6 22.h4 Kh8
23.Re1 Qxd5 24.Nf6 Qc5 25.Nd7 Qxc2 26.Rxc2 Bf6 27.Nxf8 Rxf8 28.Rd1 Kg8 29.Rd7 Rc8
30.Bf1 b5 31.a4 Nb3 32.axb5 Nd4 33.b6  1-0

[Event "Skopje ol (Men) fin-B"]
[Site "Skopje"]
[Date "1972.??.??"]
[Round "3"]
[White "Whiteley, Andrew J"]
[Black "De Greiff, Boris"]
[Result "1/2-1/2"]
[WhiteElo "2310"]
[BlackElo "2370"]

1.d4 Nf6 2.c4 g6 3.g3 Bg7 4.Bg2 d6 5.Nf3 O-O 6.O-O Nc6 7.Nc3 a6 8.h3 Rb8
9.Be3 b5 10.Nd2 Bd7 11.Rb1 Na5 12.cxb5 axb5 13.b4 Nc4 14.Nxc4 bxc4 15.b5 Qe8
16.a4 c6 17.Rc1 d5 18.Bf4 Rb7 19.e4 e6 20.Bg5 h6 21.Bxf6 Bxf6 22.Qf3 Bxd4
23.bxc6 Bxc6 24.exd5 exd5 25.Nxd5 Rb3 26.Ne7+ Qxe7 27.Qxc6 Rxg3 28.Rxc4 Rd8
29.Rxd4 Rxg2+ 30.Kxg2 Rxd4  1/2-1/2

[Event "Skopje ol (Men) prel"]
[Site "Skopje"]
[Date "1972.??.??"]
[Round "4"]
[White "Churh Fang, EC."]
[Black "Coldrick, A."]
[Result "0-1"]
[WhiteElo "2200"]
[BlackElo "2200"]

1.d4 Nf6 2.c4 g6 3.Nf3 Bg7 4.g3 O-O 5.Bg2 d6 6.O-O Nc6 7.e3 e5 8.d5 Na5 9.b3 c5
10.Bb2 a6 11.Nc3 Rb8 12.a4 Bd7 13.Qc2 b5 14.e4 bxc4 15.bxc4 Nxc4 16.Ba3 Nxa3
17.Rxa3 Rb4 18.Nd2 Qb8 19.Rb1 Bh6 20.Rab3 Bxd2 21.Na2 Rxb3 22.Rxb3 Bb4 23.Nxb4 Bxa4  0-1

[Event "Skopje ol (Men) fin-B"]
[Site "Skopje"]
[Date "1972.??.??"]
[Round "4"]
[White "Rodriguez, Ruben"]
[Black "Sampouw, Jacobus S"]
[Result "0-1"]
[WhiteElo "2400"]
[BlackElo "2200"]

1.Nf3 Nf6 2.c4 g6 3.g3 Bg7 4.Bg2 d6 5.d4 O-O 6.Nc3 Nbd7 7.O-O c6 8.Bg5 h6
9.Bd2 e5 10.dxe5 dxe5 11.Qc1 Kh7 12.Qc2 Qc7 13.h3 Re8 14.e4 Nf8 15.Be3 Be6
16.Na4 b6 17.Rad1 Qc8 18.Kh2 b5 19.cxb5 cxb5 20.Nc5 N8d7 21.b4 a5 22.a3 axb4
23.axb4 Ra4 24.Rc1 Nxc5 25.Bxc5 Nd7 26.Bd6 Qxc2 27.Rxc2 Bc4 28.Re1 Bf8 29.Rd2 Bxd6
30.Rxd6 Nb8 31.Rb1 Na6 32.Nd2 Nxb4 33.Nxc4 bxc4 34.Rd7 Rc8 35.Rxf7+ Kg8 36.Rb7 c3
37.Rd1 Nc6 38.Rd6 Nd8 39.Rxg6+ Kf8 40.Rxh6 Nxb7 41.Rh8+ Ke7 42.Rxc8 Ra3 43.Bf3 Kd7
44.Bg4+ Kd6 45.h4 Nc5 46.f4 exf4 47.Bf3 Ra5 48.Rd8+ Ke7 49.Rd4 Ra2+ 50.Kh3 c2
51.Rc4 Nd3 52.h5 fxg3 53.h6 c1=Q 54.Rxc1 Nxc1  0-1

[Event "Skopje ol (Men) prel"]
[Site "Skopje"]
[Date "1972.??.??"]
[Round "5"]
[White "Jakobsen, Ole"]
[Black "Van Seters, Frits"]
[Result "1-0"]
[WhiteElo "2440"]
[BlackElo "2200"]

1.Nf3 Nf6 2.c4 d6 3.d4 g6 4.g3 Bg7 5.Bg2 O-O 6.O-O c6 7.Nc3 Nbd7 8.e4 e5
9.Rb1 Re8 10.Re1 exd4 11.Nxd4 a5 12.h3 Nc5 13.Bf4 Nh5 14.Be3 Nf6 15.Qc2 Nfd7
16.Rbd1 a4 17.f4 Qa5 18.Bf2 a3 19.b3 Na6 20.Nde2 Nb4 21.Qb1 Qc7 22.Rd2 Nc5
23.Qd1 Bf8 24.g4 f5 25.gxf5 gxf5 26.Ng3 Qg7 27.Nh5 Qg6 28.Re3 Nxe4 29.Nxe4 fxe4
30.Rg3 Kf7 31.Rxg6 hxg6 32.Be3 d5 33.Ng3 Be6 34.f5 gxf5 35.Qh5+  1-0

[Event "Skopje ol (Men) fin-D"]
[Site "Skopje"]
[Date "1972.??.??"]
[Round "5"]
[White "Katlan"]
[Black "Lim Kok Ann"]
[Result "1/2-1/2"]
[WhiteElo "2200"]
[BlackElo "2200"]

1.d4 Nf6 2.c4 g6 3.g3 Bg7 4.Bg2 O-O 5.Nf3 d6 6.Nc3 Nc6 7.e4 e5 8.d5 Nd4 9.Nxd4 exd4
10.Ne2 Re8 11.f3 c5 12.dxc6 bxc6 13.O-O c5 14.Qd3 Bb7 15.Bd2 Qe7 16.Bg5 h6
17.Bxf6 Bxf6 18.Nf4 Bg5 19.Nd5 Bxd5 20.cxd5 Be3+ 21.Kh1 Rec8 22.b3 a5 23.f4 a4
24.e5 axb3 25.exd6 Qxd6 26.axb3 f5 27.g4 Bxf4 28.gxf5 g5 29.Rae1 Re8 30.Re6 Rxe6
31.fxe6 Kg7 32.Qb5 Rb8 33.Qd3  1/2-1/2

[Event "Skopje ol (Men) fin-C"]
[Site "Skopje"]
[Date "1972.??.??"]
[Round "6"]
[White "Gonda, Gentaro"]
[Black "Littleton, Michael Flannan"]
[Result "1/2-1/2"]
[WhiteElo "2200"]
[BlackElo "2200"]

1.d4 Nf6 2.c4 g6 3.g3 Bg7 4.Bg2 O-O 5.Nf3 d6 6.O-O Nc6 7.Nc3 a6 8.d5 Na5
9.Nd2 c5 10.Rb1 Rb8 11.a3 Qc7 12.e4 b5 13.cxb5 axb5 14.Nb3 Nxb3 15.Qxb3 b4
16.axb4 cxb4 17.Na4 Ba6 18.Re1 Ng4 19.Bf3 Ne5 20.Be2 Bxe2 21.Rxe2 Rfc8 22.f4 Nc4
23.Kg2 Qd7 24.Rc2 Qg4 25.Qd3 Qd7 26.Rxc4 Qxa4 27.Bd2  1/2-1/2

[Event "Skopje ol (Men) fin-B"]
[Site "Skopje"]
[Date "1972.??.??"]
[Round "11"]
[White "Garcia Martinez, Silvino"]
[Black "Kagan, Shimon"]
[Result "1-0"]
[WhiteElo "2335"]
[BlackElo "2425"]

1.c4 g6 2.Nf3 Bg7 3.d4 d6 4.g3 Nf6 5.Bg2 O-O 6.O-O a6 7.Nc3 Nc6 8.d5 Na5
9.Nd2 c5 10.Qc2 Rb8 11.b3 b5 12.Bb2 bxc4 13.bxc4 Bd7 14.Rab1 Qc7 15.Nd1 Rb4
16.Bc3 Rxb1 17.Qxb1 Nh5 18.Qc1 Rb8 19.e4 Bxc3 20.Qxc3 Rb4 21.f4 Ng7 22.Ne3 Qb6
23.e5 Nf5 24.Nxf5 Bxf5 25.exd6 exd6 26.Re1 Qd8 27.g4 Bd7 28.a3 Ra4 29.Bf3 h6
30.Bd1 Qh4 31.Re3 Nb7 32.Ne4 Bb5 33.Nf6+ Kh8 34.Bxa4 Bxa4 35.Rh3  1-0

[Event "Skopje ol (Men) fin-A"]
[Site "Skopje"]
[Date "1972.??.??"]
[Round "12"]
[White "Smejkal, Jan"]
[Black "Bednarski, Jacek B"]
[Result "1/2-1/2"]
[WhiteElo "2545"]
[BlackElo "2395"]

1.Nf3 Nf6 2.c4 g6 3.d4 Bg7 4.g3 O-O 5.Bg2 d6 6.O-O Nc6 7.Nc3 a6 8.h3 e5 9.d5 Ne7
10.e4 b5 11.b4 bxc4 12.Nd2 c6 13.Nxc4 cxd5 14.Nxd5 Nfxd5 15.exd5 Rb8 16.Rb1 Bf5
17.Rb2 e4 18.Rb3 Nxd5 19.Qxd5 Be6 20.Qxe4 d5 21.Qe2 dxc4 22.Ra3 Qc8 23.Ra5 Rb5
24.Rxb5 axb5 25.h4 c3 26.Re1 Bc4 27.Qc2 Re8 28.Rxe8+ Qxe8 29.Be3 h5 30.Bf1 Qe6
31.Bxc4 Qxc4 32.a3 Kh7 33.Kg2 Be5 34.Kf3 Kg7 35.Qe4 Qe6 36.Ke2 Qa2+ 37.Kf3 Bf6
38.Bd4 Qxa3 39.Bxf6+ Kxf6 40.Qd4+ Ke7 41.Qc5+ Ke6 42.Qb6+  1/2-1/2

[Event "SWE-ch"]
[Site "?"]
[Date "1972.??.??"]
[Round "9"]
[White "Lekander, Rolf"]
[Black "Hansson, Dan"]
[Result "1/2-1/2"]
[WhiteElo "2200"]
[BlackElo "2200"]

1.d4 Nf6 2.c4 g6 3.g3 Bg7 4.Bg2 O-O 5.Nf3 d6 6.O-O c6 7.Nc3 Qa5 8.Qc2 Qb4
9.b3 c5 10.Bd2 Qb6 11.dxc5 Qxc5 12.Rad1 Nc6 13.Bg5 Be6 14.e4 Rab8 15.Nd5 Bxd5
16.exd5 Nb4 17.Qe2 h6 18.Bc1 Rfe8 19.Bh3 Qa5 20.Qe1 Qc5 21.a3 Na6 22.Qe2 b5
23.Be3 Qc7 24.cxb5 Nc5 25.Qc4 Qb7 26.a4 a6 27.bxa6 Qxb3 28.Qxb3 Rxb3 29.a7 Ra8
30.Nd4 Rxe3 31.fxe3 Rxa7 32.Nc6 Rc7 33.Bg2 Nxa4 34.Ra1 Nc3 35.Ra8+ Kh7 36.e4 e6
37.dxe6 fxe6 38.Nd8 Ne2+ 39.Kh1 Nd4 40.Rfa1 Ng4 41.R8a7 Rc2 42.R7a2 Rc7 43.Bh3 h5
44.Rf1 Ne3 45.Re1 Ng4 46.Bxg4 hxg4 47.Rf1 d5 48.Nf7 Nf3 49.Nd8  1/2-1/2

[Event "CAN-ch"]
[Site "Toronto"]
[Date "1972.??.??"]
[Round "10"]
[White "Fuster, Geza"]
[Black "Allan, Denis"]
[Result "0-1"]
[WhiteElo "2280"]
[BlackElo "2355"]

1.Nf3 g6 2.c4 Bg7 3.d4 Nf6 4.g3 O-O 5.Bg2 d6 6.O-O Nbd7 7.d5 Nc5 8.Nd4 e5
9.dxe6 Nxe6 10.Nc2 Re8 11.Nc3 c6 12.Rb1 Ng4 13.Qd2 Qa5 14.h3 Ne5 15.Ne3 Nd4
16.f4 Nd7 17.b4 Qd8 18.Ned1 Nb6 19.c5 dxc5 20.bxc5 Nc4 21.Qe1 Nc2 22.Qf2 Bd4
23.e3 N2xe3 24.Nxe3 Nxe3 25.Ne2 Bxc5 26.Kh1 Nxg2 27.Qxc5 Rxe2 28.Rb2 Re1
29.Rxe1 Nxe1 30.Rd2 Nd3 31.Bb2 Bf5 32.Qc3 f6  0-1

[Event "CSR-ch"]
[Site "Trinec"]
[Date "1972.??.??"]
[Round "8"]
[White "Jankovec, Ivan"]
[Black "Meduna, Eduard"]
[Result "1-0"]
[WhiteElo "2320"]
[BlackElo "2285"]

1.d4 Nf6 2.c4 d6 3.Nf3 g6 4.g3 Bg7 5.Bg2 O-O 6.O-O Nc6 7.d5 Na5 8.Nfd2 c5
9.Qc2 a6 10.Nc3 Rb8 11.b3 e5 12.dxe6 fxe6 13.Bb2 Nc6 14.Rad1 Nd4 15.Qc1 Qe7
16.e3 Nf5 17.Ne2 e5 18.Nc3 Bh6 19.Nce4 Nxe4 20.Nxe4 Be6 21.Qc3 Rbd8 22.Qa5 b5
23.cxb5 d5 24.bxa6 dxe4 25.Rxd8 Qxd8 26.Qxd8 Rxd8 27.Bxe4 Nxe3 28.fxe3 Bxe3+
29.Kh1 c4 30.Bxe5 cxb3 31.axb3 Bxb3 32.Rb1 Bc4 33.Bb7 Rd5 34.Bc3 Rd3 35.Bb4 Ba7
36.Rc1 Bb5 37.Bc5 Bb8 38.Rb1 Bc4 39.Be4 Rd8 40.Rxb8 Rxb8 41.a7  1-0

[Event "CSR-ch"]
[Site "Trinec"]
[Date "1972.??.??"]
[Round "15"]
[White "Plachetka, Jan"]
[Black "Franzen, Josef"]
[Result "1-0"]
[WhiteElo "2370"]
[BlackElo "2330"]

1.d4 Nf6 2.c4 g6 3.g3 Bg7 4.Bg2 O-O 5.Nf3 d6 6.O-O Nbd7 7.Nc3 e5 8.e4 c6
9.h3 a6 10.Be3 b5 11.cxb5 axb5 12.b4 Rb8 13.Rc1 Re8 14.Qb3 Bb7 15.dxe5 dxe5
16.Rfd1 Qe7 17.Ne1 Bf8 18.Nd3 Qe6 19.Qc2 Qc4 20.Qb1 Qe6 21.Rd2 Ra8 22.Rcd1 Ra3
23.Ne2 Rea8 24.Nec1 R3a4 25.Nb3 Rxb4 26.Nxb4 Bxb4 27.Rc2 Qe7 28.Qc1 Ba3 29.Qd2 c5
30.f3 c4 31.Nc1 Bb4 32.Qf2 Kg7 33.Kh2 h6 34.g4 Nc5 35.Qh4 g5 36.Qf2 Nfd7
37.Bf1 Kg6 38.Rb2 Ra4 39.a3 Bxa3 40.Rxb5 Bc6 41.Rb1 c3 42.Bb5 Bxb5 43.Rxb5 Bxc1
44.Rxc1 Rc4 45.Qe2 Qe6 46.Kg2 Na4 47.Rd5 Nb2 48.Qc2 Qc6 49.Qb3 Kf6 50.Qa3 Ke6
51.Ra5 Na4 52.Qb3 Ke7 53.Ra7 Nb2 54.Kf2 Kf6 55.Qa3 Na4 56.Rd1 Nac5 57.Rdxd7 Nxe4+
58.fxe4  1-0

[Event "JUG-ch"]
[Site "Umag"]
[Date "1972.??.??"]
[Round "8"]
[White "Vukic, Milan"]
[Black "Ostojic, Predrag"]
[Result "1/2-1/2"]
[WhiteElo "2410"]
[BlackElo "2440"]

1.d4 Nf6 2.c4 g6 3.Nf3 Bg7 4.g3 O-O 5.Bg2 d6 6.O-O c6 7.Nc3 Qa5 8.h3 Be6
9.d5 cxd5 10.Nd4 Bd7 11.cxd5 Rc8 12.e4 Na6 13.Be3 Nc5 14.a3 Na4 15.Nxa4 Bxa4
16.b3 Be8 17.b4 Qd8 18.Qd3 Nd7 19.Rac1 a5 20.Rfe1 axb4 21.axb4 Nb6 22.Nb3 Na4
23.Na5 Bc3 24.Bd2 Bxd2 25.Qxd2 Qb6 26.Nc4 Qd8 27.e5 Nb6 28.Na5 Rxc1 29.Rxc1 Rb8
30.e6 Rc8 31.Nxb7 Rxc1+ 32.Qxc1 Qc8 33.Qxc8 Nxc8 34.Nd8 fxe6 35.Nxe6 Nb6
36.Nc7 Bf7 37.f4 Kg7 38.Kf2 Kf6 39.Ke3 h6 40.Kd4 g5 41.fxg5+ Kxg5 42.Nb5 h5
43.Nc3 h4 44.g4 Kf4 45.Ne2+ Kg5 46.Be4 Bg8 47.b5 Bf7 48.Ng1 Kf4 49.Nf3 Kg3
50.g5 Kf4 51.g6 Bxg6 52.Bxg6 Kxf3 53.Bf7 Kg3 54.Be6 Kf4 55.Bg4 Na4 56.Bc8 Nb6
57.Be6 Kf3 58.Bf5 Kf4 59.Be4 Na4 60.Bc2 Nb6 61.Bd1 Kg3 62.Bg4 Kf4 63.Be6 Kf3  1/2-1/2

[Event "Hoogovens-B"]
[Site "Wijk aan Zee"]
[Date "1972.??.??"]
[Round "?"]
[White "Denker, Arnold S"]
[Black "Sahovic, Dragutin"]
[Result "0-1"]
[WhiteElo "2270"]
[BlackElo "2345"]

1.d4 Nf6 2.c4 g6 3.Nf3 Bg7 4.g3 O-O 5.Bg2 d6 6.O-O c6 7.Nc3 Nbd7 8.e4 e5
9.h3 Re8 10.Bg5 Qb6 11.dxe5 dxe5 12.Qc2 Nf8 13.Be3 Qc7 14.Rfd1 Ne6 15.Rab1 Nh5
16.b4 Rf8 17.Nh4 Qe7 18.Ne2 Nhf4 19.gxf4 Qxh4 20.fxe5 Bxe5 21.Rb3 Nf4 22.Bxf4 Bxf4
23.Nxf4 Qxf4 24.Qd2 Qxd2 25.Rxd2 Be6 26.Bf1 Rfd8 27.Rbb2 Rxd2 28.Rxd2 a5
29.a3 axb4 30.axb4 Ra1 31.Kg2 Bxh3+ 32.Kxh3 Rxf1 33.Rd7 Rxf2 34.Rxb7 Rc2
35.c5 Re2 36.Rb8+ Kg7 37.Re8 h5 38.Kg3 g5 39.Re5 Kg6 40.Re8 h4+ 41.Kf3 Rb2  0-1

[Event "Hoogovens-B"]
[Site "Wijk aan Zee"]
[Date "1972.??.??"]
[Round "?"]
[White "Denker, Arnold S"]
[Black "Krnic, Zdenko"]
[Result "0-1"]
[WhiteElo "2270"]
[BlackElo "2400"]

1.d4 Nf6 2.c4 g6 3.Nf3 Bg7 4.g3 O-O 5.Bg2 d6 6.O-O Nc6 7.Nc3 Bf5 8.d5 Na5
9.Nd4 Bd7 10.b3 c5 11.Nc2 a6 12.Qd3 Rb8 13.Rb1 b5 14.Bd2 Ng4 15.f4 Qc7 16.h3 Nh6
17.g4 f5 18.g5 Nf7 19.Rfc1 bxc4 20.bxc4 Rxb1 21.Rxb1 Rb8 22.Rxb8+ Qxb8 23.Nd1 Qb6
24.Ne1 Bd4+ 25.e3 Bg7 26.Qc2 Kf8 27.Bf1 e6 28.dxe6 Bxe6 29.Qa4 Nc6 30.Qb3 Qxb3
31.axb3 d5 32.Bg2 dxc4 33.Bxc6 cxb3 34.Nd3 Ke7 35.Bc3 Bxc3 36.Nxc3 Kd6 37.Bb7 c4
38.Nb2 a5 39.Kf2 Kc5 40.Ke2 Nd6 41.Bf3 Kb4 42.Kd2 Bd7 43.Nd5+ Ka3 44.Nd1 Bc6
45.Kc3 Ka2 46.Kd4 Ka1 47.Be2 Bxd5 48.Kxd5 b2 49.Nxb2 Kxb2 50.Kxd6 c3 51.Bd1 c2
52.Bxc2 Kxc2 53.e4 fxe4 54.f5 gxf5 55.h4 e3 56.h5 e2 57.g6 hxg6  0-1

[Event "Hoogovens-B"]
[Site "Wijk aan Zee"]
[Date "1972.??.??"]
[Round "?"]
[White "Schmidt, Wlodzimierz"]
[Black "Garcia Martinez, Silvino"]
[Result "0-1"]
[WhiteElo "2450"]
[BlackElo "2335"]

1.Nf3 Nf6 2.c4 g6 3.d4 Bg7 4.g3 O-O 5.Bg2 d6 6.O-O Nc6 7.Nc3 Bg4 8.d5 Na5
9.Nd2 c5 10.h3 Bd7 11.Qc2 e5 12.dxe6 Bxe6 13.b3 Bf5 14.e4 Be6 15.Bb2 a6 16.Rad1 Rb8
17.Nf3 Qe7 18.Rfe1 b5 19.Nd5 Bxd5 20.cxd5 Qd8 21.e5 Ne8 22.e6 fxe6 23.dxe6 Nc6
24.Bxg7 Kxg7 25.e7 Nxe7 26.Ng5 Nc7 27.Ne4 Ned5 28.Rd2 Rf5 29.Red1 Qe7 30.Qb2+ Kg8
31.h4 b4 32.Qc2 Kg7 33.Ng5 Nc3 34.Rxd6 Ne2+ 35.Kh2 Nd4 36.R1xd4 cxd4 37.Qxc7 Qxc7
38.Ne6+ Kh8 39.Nxc7 Rxf2 40.Kg1 Rxa2 41.Rxd4 a5 42.Rd7 a4 43.Nd5 Rf8 44.h5 axb3
45.h6 Rd2 46.Re7 b2 47.Re1 Rc2 48.Kh2 Rc1 49.Re7 b1=Q 50.Nf6 Rh1+  0-1

[Event "IBM-B"]
[Site "Amsterdam"]
[Date "1973.??.??"]
[Round "1"]
[White "Keene, Raymond D"]
[Black "Torre, Eugenio"]
[Result "0-1"]
[WhiteElo "2445"]
[BlackElo "2430"]

1.Nf3 Nf6 2.g3 g6 3.c4 Bg7 4.d4 O-O 5.Bg2 d6 6.O-O c6 7.Nc3 Qa5 8.h3 e5 9.d5 cxd5
10.cxd5 Na6 11.Nd2 Bd7 12.Nde4 Ne8 13.Rb1 Nac7 14.b4 Qa6 15.a4 b5 16.a5 Qc8
17.Kh2 f5 18.Nc5 dxc5 19.bxc5 e4 20.Bd2 b4 21.Rxb4 Na6 22.Rb1 Nxc5 23.Rc1 Qa6
24.Be3 Rc8 25.d6 Ne6 26.Qb3 Qxa5 27.Nd5 Rxc1 28.Rxc1 Kh8 29.Nf4 Nxf4 30.Bxf4 Qb6
31.Qa2 Qxf2 32.Rf1 Qd4 33.Qa3 Be5 34.Rd1 Qxd1 35.Bxe5+ Kg8 36.Qxa7 Rf7 37.e3 Qd5
38.Bd4 Qxd6 39.Qa8 Bc6  0-1

[Event "IBM-B"]
[Site "Amsterdam"]
[Date "1973.??.??"]
[Round "4"]
[White "Jakobsen, Ole"]
[Black "Keene, Raymond D"]
[Result "1/2-1/2"]
[WhiteElo "2420"]
[BlackElo "2445"]

1.c4 g6 2.Nf3 Bg7 3.d4 d6 4.g3 Nf6 5.Bg2 O-O 6.Nc3 Nbd7 7.O-O e5 8.e4 c6
9.h3 Qb6 10.Re1 Re8 11.Re2 Qa5 12.d5 c5 13.a3 Qd8 14.b4 Re7 15.Rb1 Ne8 16.Be3 b6
17.Qd2 Nf8 18.Bh6 Ba6 19.Bxg7 Nxg7 20.b5 Bc8 21.Ne1 a6 22.a4 f5 23.Nd3 axb5
24.axb5 Nd7 25.Rbe1 Ra3 26.Qb2 Ra7 27.f4 exf4 28.gxf4 fxe4 29.Nxe4 Nf5 30.Ndf2 Qf8
31.Ng5 Nf6 32.Rxe7 Rxe7 33.Ne6 Bxe6 34.dxe6 Nd4 35.Qd2 Rxe6 36.Rxe6 Nxe6
37.Bd5  1/2-1/2

[Event "IBM-B"]
[Site "Amsterdam"]
[Date "1973.??.??"]
[Round "6"]
[White "Jakobsen, Ole"]
[Black "Jansa, Vlastimil"]
[Result "1/2-1/2"]
[WhiteElo "2420"]
[BlackElo "2475"]

1.c4 g6 2.d4 Nf6 3.Nf3 Bg7 4.g3 O-O 5.Bg2 d6 6.Nc3 c6 7.O-O Qa5 8.h3 Be6
9.d5 cxd5 10.Nd4 Bd7 11.cxd5 Rc8 12.e4 Na6 13.Be3 Be8 14.Nb3 Qd8 15.Qe2 Nd7
16.Rac1 Ndc5 17.Nd4 Qa5 18.Rfd1 Rab8 19.Ncb5 Nc7 20.Na3 b5 21.Nb3 Nxb3 22.axb3 Na8
23.Ra1 Qc7 24.Rd2  1/2-1/2